000 00820nam a2200277 c 4500
001 a5513685
003 CO-ViMGA
005 20230915233139.0
008 140710s2014 sp | |||| 000 f spa
020 _a9788433921031
040 _aCO-ViMGA
_bspa
_cCO-ViMGA
041 1 _heng
082 0 4 _a823
_bW18n
100 1 _aWaugh, Evelyn
_d1903-1966
_4aut
_94381
240 1 0 _aScoop
_lEspañol
245 1 0 _aNoticia bomba!
_cEvelyn Waugh ; traduccion de Antonio Mauri
250 _a1® ed. en La conjura de la risa
260 _aBarcelona
_bAnagrama
_c2014
300 _a280 p.
_c21 cm
490 0 _aLa conjura de la risa
_v3
650 1 4 _aFantasia en la literatura
_94382
650 1 4 _aHumor negro
_vLiteratura
_94383
650 1 4 _aNovela inglesa
_91291
700 1 _aMauri, Antonio
_d1944-
_4aut
_94384
942 _2ddc
_cBK
999 _c35734
_d35734